000 00334nam a22001457a 4500
008 210507b ||||| |||| 00| 0 eng d
020 _a9780470117569
041 _aeng
080 _a004
082 _a004
100 _a28
101 _aSHKI
245 _aProfessional SharePoint 2007 Development
_cJohn Holliday
942 _2udc
_cBK
999 _c57092
_d57092